000
00279nam a2200109Ia 4500
008
200302s9999 xx 000 0 und d
100
_a
Nicolas Brizault
245
_a
Urban Furniture A New city life
260
_b
I C I Consultants Publication
260
_c
2010
300
_a
319 P.,l
999
_c
5398
_d
5398